Hijos de la violencia (Documental)
| مؤلف مشترك: | |
|---|---|
| التنسيق: | كتاب |
| اللغة: | الإسبانية |
| منشور في: |
San José, Costa Rica :
Vicerrectoría de Acción Social, UCR,
2010
|
| الموضوعات: |
MARC
| LEADER | 00000nam a2200000Ia 4500 | ||
|---|---|---|---|
| 008 | 181001b2010 cr ||||| |||| 00| 0 spa d | ||
| 999 | |c 2512 |d 2512 | ||
| 090 | |a CD #64 | ||
| 110 | |a Universidad de Costa Rica. Vicerrectoría de Acción Social |9 3269 | ||
| 245 | 1 | 0 | |a Hijos de la violencia (Documental) |
| 260 | |a San José, Costa Rica : |b Vicerrectoría de Acción Social, UCR, |c 2010 | ||
| 300 | |a Disco compacto | ||
| 650 | 1 | 4 | |a VIOLENCIA |9 71 |
| 650 | 1 | 4 | |a NIÑOS |9 59 |
| 650 | 1 | 4 | |a NIÑAS |9 60 |
| 650 | 1 | 4 | |a ADOLESCENTES |9 5 |
| 942 | |i 002572 ,002573 |h CD #64 |2 z |c 08 | ||
